| 000 | 00878na a2200253 4500 | ||
|---|---|---|---|
| 001 | 19852 | ||
| 003 | MIRAKIL | ||
| 005 | 20181213154924.0 | ||
| 008 | 161227b tu 000 0 | ||
| 020 | _a9759559129 | ||
| 040 |
_aMilas _btur _cTR-AnCHP |
||
| 041 | _atur | ||
| 082 |
_a341.2 _bY86a 2002 |
||
| 090 | _a341.2 Y86a 2002 | ||
| 100 | _aYurttaş, Şükrü | ||
| 245 |
_aAvrupa Topluluğu hukuku _bferdin Avrupa İnsan Hakları Mahkemesi'ne başvurma hakkını kullanma şekli ve duruşma usulü _cŞükrü Yurttaş |
||
| 246 | _aferdin Avrupa İnsan Hakları Mahkemesi'ne başvurma hakkını kullanma şekli ve duruşma usulü | ||
| 250 | _a2. bs. | ||
| 260 |
_aİstanbul _b[yayl.y.] _c2002 |
||
| 300 |
_a188+26 s. _c20 sm. |
||
| 610 |
_aAvrupa İnsan Hakları Mahkemesi (AİHM) _bBaşvurma hakkı |
||
| 650 |
_aUluslararası hukuk _xMahkemeler |
||
| 942 |
_2dcc _cBKS |
||
| 999 |
_c3202 _d3202 |
||